Reading Fluency Quiz- Harry Potter and the Philosipher's Stone - Statistics

General Stats
  • This quiz has been taken 92 times
  • The average score is 8 of 11
Answer Stats
Blank # Answer % Correct
1 is
88%
Harry doubts that he (1) a wizard until Hagrid asks him if he ever made anything happen (2) couldn't explain when he was angry (3) scared. Uncle Vernon makes the mistake of mocking Dumbledore and (4) swishes the umbrella, in Dudley's direction, and Dudley sprouts a (5) pig's tail. Hagrid asks (6) not to mention it at Hogwarts because Hagrid isn't allowed to (7) magic, as he had been expelled. Hagrid takes (8) his coat and Harry (9) under that for the night, for the (10) ahead. (anything)
84%
3 or
84%
6 Harry
80%
2 he
78%
4 Hagrid
77%
7 do
73%
8 off
73%
9 sleeps
63%
5 curly
51%
10 day
49%
No matching quizzes found
Score Distribution
Percent of People with Each Score
Percentile by Number Answered
Your Score History
You have not taken this quiz